000 00553nam a2200181 4500
001 118631
003 ES-MaACL
005 20230906191135.0
007 t|
008 070214s1952 sp r ||||1| spa d
100 0 _aDaniel-Rops.
_942631
245 1 0 _aHistoria sagrada /
_cDaniel-Rops [seud] ; traducción de Antonio F. Correa Veglison.
250 _a1ª. ed.
260 _aBarcelona :
_bLuis Caralt,
_c1952.
300 _a408 p., 14 lám. :
_bil. ;
_c28 cm.
700 1 _aCorrea Veglison, Antonio F.
_940758
852 _aES-MaACL
_jC-5958
_bR.34456
999 _c118631
_d118631